Pooh Shiesty Charting Songs (Billboard Hot 100) - Statistics

General Stats
  • This quiz has been taken 77 times
    21 since last reset
  • The average score is 3 of 9
Answer Stats
Album Weeks On Peak Artist(s) Song % Correct
Shiesty Summer 23 Weeks #13 Pooh Shiesty ft. Lil Durk Back in Blood
89%
Non-Album Single 20 Weeks #12 Pooh Shiesty FDO
44%
Shiesty Summer 7 Weeks #51 Pooh Shiesty ft. BIG30 Neighbors
44%
Final Destination 23 Weeks #12 SpottemGottem ft. Pooh Shiesty or DaBaby Beat Box
33%
The Voice (Deluxe Edition) 1 Week #53 Lil Durk ft. Pooh Shiesty Should've Ducked
22%
Trendsetter 3 Weeks #69 Coi Leray & Pooh Shiesty Big Purr (Prrdd)
11%
Shiesty Summer 1 Week #81 Pooh Shiesty ft. 21 Savage Box of Churches
11%
It's Only Me 1 Week #58 Lil Baby ft. Pooh Shiesty Shiest Talk
11%
Non-Album Single 2 Weeks #67 Jack Harlow & Pooh Shiesty SUVs (BLACK ON BLACK)
11%
No matching quizzes found
Score Distribution
Percent of People with Each Score
Percentile by Number Answered
Your Score History
You have not taken this quiz since the last reset